[Event "CZE-ch U16 2020"]
[Site "Kouty nad Desnou"]
[Date "2020.03.12"]
[Round "7.7"]
[White "Nezval, Filip"]
[Black "Volak, Simon"]
[Result "1/2-1/2"]
[WhiteElo "1940"]
[BlackElo "1937"]
[Annotator "TA"]
[PlyCount "156"]
[EventDate "2020.03.07"]
[EventCountry "CZE"]
[SourceTitle "playchess.com"]
[Source "ChessBase"]
[SourceQuality "1"]

{[%evp 25,156,0,17,8,29,29,35,25,20,28,29,6,42,8,33,15,50,55,68,36,34,1,17,0,2,0,2,-52,-62,-69,-67,-68,-58,-104,-102,-115,-102,-104,-46,-50,-39,-47,-5,-19,0,-43,-38,-133,-80,-83,-80,-85,-70,-185,0,-75,-77,-177,-172,-151,-83,-212,-94,-94,-102,-155,-155,-172,-139,-158,-30,-731,-684,-495,-531,-1175,-1116,-1534,-1564,-1454,-1294,-1235,-1117,-1102,-1088,-997,-996,-670,-584,-1057,-1059,-666,-624,-1034,-486,-1453,-1344,-1183,0,-116,0,-1095,-940,-553,0,0,0,-246,0,0,0,-247,0,0,0,0,0,0,0,0,0,0,0,0,0,0,0,0,0,0,0,0,29981]} 1. d4 Nf6 2. c4 g6 3. Nc3 Bg7 4. e4 d6 5. Nf3 O-O 6. h3 e5 7. dxe5 dxe5 8. Qxd8 Rxd8 9. Bg5 Re8 10. Nd5 Nxd5 11. cxd5 c6 12. Bc4 cxd5 13. Bxd5 Nc6 14. O-O-O {E90: King's Indian: Classical: Early deviations and 6 h3.} Be6 15. Bxe6 Rxe6 16. Rd7 {White is slightly better.} b6 {[#]} 17. Rhd1 $146 ({Predecessor:} 17. Kb1 h6 18. Bd2 Bf8 19. Rc1 f5 20. Bc3 Bc5 21. exf5 gxf5 22. b4 Bxf2 {1-0 (46) Neininger,R-Holzschuh,P Germany 1992}) 17... h6 18. Bh4 a5 19. Rc7 Nd4 20. Nxd4 exd4 21. f3 Be5 22. Rd7 Bf4+ 23. Kb1 Be3 $1 24. Rc7 f5 25. exf5 gxf5 26. Rc2 (26. Kc2 $11) 26... f4 $15 27. g3 fxg3 28. Bxg3 Rd8 29. Rg2 {Strongly threatening Bc7+.} Kf7 {Hoping for ...Rg8.} 30. Bf2 Bxf2 31. Rxf2 $17 {[%mdl 4096] Endgame KRR-KRR} Re3 (31... d3 $17 32. Rg1 Kf6) 32. Kc2 $15 Kf6 33. Rg1 Kf5 34. Kd2 Re6 35. f4 Re3 36. Rc1 (36. h4 $15) 36... Rd6 (36... Rxh3 $142 37. Rc7 d3 38. Rf7+ Ke6) 37. Rc8 $17 Rxh3 38. Rf8+ Rf6 39. Re8 (39. Rd8 $15) 39... Re6 $2 (39... d3 $1 $19 {aiming for ...Rc6.} 40. Rd8 h5 41. Rxd3 Rxd3+ 42. Kxd3 h4) 40. Rd8 {[#]} (40. Rf8+ $11 Rf6 41. Rd8) 40... d3 $1 {[%mdl 512]} 41. Rf8+ (41. Rxd3 $17 {only move.} Rxd3+ 42. Kxd3) 41... Rf6 $1 $19 {[%cal Rf6f8]} 42. Rd8 Rg3 ({Black should try} 42... h5 43. Rxd3 Rxd3+ 44. Kxd3 h4) 43. Rd5+ (43. Rxd3 $17 {was necessary.} Kg4 44. Rd4) 43... Kg4 (43... Ke4 $19 {has better winning chances.} 44. Re5+ Kd4) 44. f5 $17 h5 45. Rd4+ ({Better is} 45. Rf1) 45... Kg5 46. Rd5 h4 {Threatens to win with ...h3.} 47. Rd8 Kg4 ({But not} 47... Rxf5 48. Rg8+ Kh6 49. Rh8+ Kg6 50. Rxf5 $15) ({Black should play} 47... Rf7 $17 48. b3 b5) 48. Rg8+ $2 {[%mdl 8192]} (48. Rd4+ $11 Kg5 49. Rd8) 48... Kh3 $1 $19 49. Rd8 Rg2 50. Rxd3+ Kh2 $1 51. Rdf3 Rxf2+ $1 {[%mdl 64] Overworked Piece} 52. Rxf2+ {KR-KR} Kg3 53. Ke3 h3 54. Rf3+ Kg4 55. Rf4+ Kg5 56. Ke4 h2 57. Rf1 Rh6 58. Rh1 Kf6 59. Kf4 b5 60. a3 (60. Kg4 $142 a4 61. Kf4) 60... Rh8 61. Kg4 Rg8+ $2 (61... a4 $19 62. Kf4 Rh5) 62. Kf4 (62. Kf3 $1 $11 {was the only way to keep the balance.}) 62... Rh8 $2 {[%mdl 8192]} (62... Rg2 $17 63. b3 Rf2+ 64. Ke3 Rb2) 63. Kg4 $1 Ke5 64. Re1+ Kd4 $2 (64... Kd6 $19 65. Rd1+ Ke5) 65. Rh1 $11 Ke4 (65... a4 $5) 66. Re1+ $2 {[#]} (66. Kg5 $11) 66... Kd3 $2 (66... Kd5 $1 $19 67. Rh1 Ke5) 67. Rh1 Ke4 $2 (67... Kc2 $11 68. b4 a4) 68. Re1+ $19 {[#]} Kd4 $2 (68... Kd5 $1 $19 69. Rh1 a4) 69. Rh1 $11 {The position is equal.} Rg8+ (69... a4 $5) 70. Kf3 Rh8 71. Kf4 b4 72. axb4 axb4 73. f6 Kd5 74. Kf5 {And now f7 would win.} Rh3 75. f7 Rf3+ 76. Kg6 Rg3+ 77. Kf6 Rf3+ 78. Kg7 Ke5 $2 {[%mdl 40960] What a bad dream for Black. Accuracy: White = 57%, Black = 71%. . An unexpected result.} (78... Rg3+ $11 79. Kf6 Rf3+ 80. Kg6 Ke6) 1/2-1/2

[Event "CZE-ch U16 2020"]
[Site "Kouty nad Desnou"]
[Date "2020.03.12"]
[Round "7.10"]
[White "Vantuch, Lucian"]
[Black "Habenicht, Martin"]
[Result "1/2-1/2"]
[WhiteElo "1891"]
[BlackElo "1970"]
[Annotator "TA"]
[PlyCount "87"]
[EventDate "2020.03.07"]
[EventCountry "CZE"]
[SourceTitle "playchess.com"]
[Source "ChessBase"]
[SourceQuality "1"]

{[%evp 12,87,18,17,62,56,70,66,45,-60,-56,-48,-18,-45,-53,-137,-133,-147,-122,-121,-118,-152,-108,-107,-109,-151,-144,-141,-137,-120,-37,-33,-30,-30,0,-22,-19,-22,-14,-15,0,-20,0,-111,0,0,0,0,0,0,0,0,0,-29,-21,-39,41,41,41,41,59,0,0,0,0,0,0,0,0,0,0,0,0,0,0,0,0,0]} 1. e4 d5 2. exd5 Nf6 3. c4 c6 4. d4 cxd5 5. Nc3 Nc6 6. Bg5 Be6 7. Be2 h6 {B13: Caro-Kann: Exchange Variation and Panov-Botvinnik Attack.} ({Avoid the trap} 7... dxc4 $2 8. Bxf6 exf6 9. d5 $18) 8. Bxf6 $1 exf6 9. Bf3 $1 {[%cal Rc4d5]} Bb4 {[#] White is slightly better.} 10. cxd5 $146 (10. Nge2 $14) ({Predecessor:} 10. Nge2 O-O 11. O-O Ne7 12. c5 Ba5 13. Nf4 Bxc3 14. bxc3 b6 15. Re1 Qd7 16. Qe2 bxc5 17. Nxe6 fxe6 18. Qxe6+ Qxe6 19. Rxe6 {1-0 (24) Naiditsch,A (2708)-Turov,M (2630) Warsaw 2012}) 10... Bxd5 $15 11. Qe2+ Kf8 12. Qd3 g6 $36 {[%mdl 2048] Black has good play.} 13. O-O-O (13. Nge2 $15) 13... Bxc3 $1 $17 14. Qxc3 Kg7 15. Kb1 Rc8 16. Qc5 Bxf3 17. Nxf3 Ne5 18. Qxa7 Nxf3 19. gxf3 Qd5 20. Qa3 {[#]} Ra8 (20... Rc4 $1 $17 21. Qe3 Rd8) 21. Qb3 $15 Qxb3 22. axb3 {[%mdl 4096] Endgame KRR-KRR} Rhd8 23. Rd3 Rd5 24. Kc2 Rad8 25. Kc3 f5 26. Ra1 f4 27. Ra7 {[#]} (27. b4 $11) 27... b5 (27... Rh5 $1 $17 28. Rd2 Rxh2) 28. Rc7 $11 Rh5 29. Kb4 Rxh2 30. d5 Rxf2 31. d6 Re2 32. d7 Kf6 {White should prevent ...h5.} 33. Kxb5 Re3 ({Black should try} 33... Ke7 $15) 34. Rcc3 $14 Re6 $1 35. Rc6 h5 36. Rxe6+ ({Better is} 36. b4 $14) 36... fxe6 {KR-KR. The position is equal.} 37. Kc6 {Hoping for Kc7.} g5 $1 {[%cal Rg5g4]} 38. Kc7 Ke7 {Threatens to win with ...g4.} 39. Rd6 {Strongly threatening Rxe6+!} g4 40. Rxe6+ Kxe6 41. Kxd8 gxf3 {aiming for ...f2.} 42. Ke8 f2 43. d8=Q f1=Q {And now ...Qb5+ would win.} 44. Qd7+ {Accuracy: White = 72%, Black = 72%.} 1/2-1/2

[Event "CZE-ch U16 2020"]
[Site "Kouty nad Desnou"]
[Date "2020.03.12"]
[Round "7.11"]
[White "Krizek, Krystof"]
[Black "Jirousek, Jan"]
[Result "1/2-1/2"]
[WhiteElo "1947"]
[BlackElo "1887"]
[Annotator "TA"]
[PlyCount "131"]
[EventDate "2020.03.07"]
[EventCountry "CZE"]
[SourceTitle "playchess.com"]
[Source "ChessBase"]
[SourceQuality "1"]

{[%evp 9,131,10,10,6,15,18,12,10,9,-6,0,-6,0,-28,-9,-8,1,-14,0,0,5,0,0,-45,-47,-58,30,45,72,48,134,129,153,59,67,34,64,0,0,0,0,14,0,0,0,0,0,-32,-16,-61,120,119,123,28,4,6,34,-56,0,-114,32,30,35,22,36,0,0,0,6,10,30,20,16,23,295,288,265,271,253,181,175,91,90,47,49,49,54,0,8,0,0,0,0,0,2783,5093,1062,0,2706,2272,1325,747,400,0,0,0,0,0,0,0,0,0,0,0,0,0,0,0,0,0,0,0,0,0]} 1. e4 c6 2. d4 d5 3. e5 Bf5 4. h4 h5 5. Bd3 Bxd3 6. Qxd3 {B12: Caro-Kann: Advance Variation.} Qa5+ 7. Nd2 {Threatening e6!} e6 8. Ngf3 Qa6 9. c4 Ne7 10. O-O Nf5 {[#]} 11. g3 $146 ({Predecessor:} 11. b3 Be7 12. a4 Nd7 13. Ba3 Bxa3 14. Rxa3 c5 15. dxc5 Nxc5 16. Qb1 dxc4 17. b4 {½-½ (44) Chigaev,M (2640)-Rozum,I (2572) Yaroslavl 2019}) 11... Bb4 12. b3 O-O 13. a3 Bxd2 14. Bxd2 Rd8 15. Bg5 Rd7 16. Qc3 dxc4 17. bxc4 b6 (17... c5 $1 $15) 18. Rfd1 $11 Qb7 19. Qc2 (19. Be3 $5) 19... g6 (19... Na6 $14) 20. Qe4 $1 $16 Na6 {[#]} 21. Rd2 ({Better is} 21. g4 $1 $16 {[%cal Rg4f5]} hxg4 22. Qxg4) 21... Nc7 $14 22. Rad1 b5 23. Rb2 (23. g4 $14 hxg4 24. cxb5 Qxb5 25. Qxg4) 23... Qa6 $11 24. Rdb1 Rc8 25. g4 $36 {[%mdl 2048] White is pushing.} Ng7 26. Bf6 {aiming for Qe3.} hxg4 27. Qxg4 Qxa3 28. Rb3 Qf8 29. Qg5 {Strongly threatening Qh6.} Nf5 $2 {[#]} (29... Nh5 $1 $15 {stays ahead.}) 30. h5 $1 $16 {[%cal Rc4b5]} Qh6 31. hxg6 (31. Qxh6 $16 Nxh6 32. hxg6 (32. cxb5 cxb5 33. hxg6 fxg6 $11)) 31... Qxg6 $11 32. Kh2 Qxg5 33. Bxg5 ({White should try} 33. Nxg5 $14 Rxd4 34. Rg1 Rh4+ 35. Nh3+ Kf8 36. Bxh4 Nxh4 37. Ng5) 33... Kf8 (33... Nxd4 $6 34. Nxd4 Rxd4 35. Rg1 $16) (33... bxc4 $15 34. Rb7 Nxd4) 34. Rg1 (34. Kg2 $11 {remains equal.}) 34... Nxd4 ({Black should play} 34... bxc4 $17 35. Rb7 Ke8) 35. Nxd4 $14 Rxd4 36. Rh3 {White wants to mate with Rh8+.} Ke8 37. Rh7 c5 $1 ({Avoid the trap} 37... bxc4 $2 38. Be3 $18) ({Don't blunder} 37... Rxc4 $2 38. Bf6 $18) 38. Be3 Kd7 39. Bxd4 cxd4 40. Rxf7+ $11 {[%mdl 4096] Endgame KRR-KRN} Kc6 $1 41. cxb5+ Kxb5 $2 {[%mdl 8192]} (41... Nxb5 $11 {and Black stays safe.} 42. Rc1+ Nc3) 42. Rb1+ Kc6 43. Rc1+ Kb6 44. Rh7 a5 45. f4 ({Only move:} 45. Rd7 $18) 45... d3 $16 46. Rd7 Rh8+ 47. Kg3 Nd5 $1 48. Rd6+ (48. f5 $5 d2 49. Ra1 $14) 48... Kb5 49. Rxd5+ exd5 $11 {KR-KR} 50. f5 {f6 is the strong threat.} d2 51. Rd1 Kc5 $2 {[%mdl 8192]} (51... Rh5 $11 52. Kg4 (52. Rxd2 Rxf5 53. Rxd5+ Kb4 $11) 52... Rh2) 52. Rxd2 $18 d4 53. Ra2 $2 (53. e6 $18 Kd5 54. Kf4) 53... Ra8 $2 {[%mdl 8192]} (53... d3 $11) 54. Kf4 Kd5 55. f6 Ke6 56. Kg5 $2 (56. Rc2 $18) 56... Kxe5 {Threatens to win with ...Rg8+.The position is equal.} 57. Kg6 Ra6 58. Re2+ Kf4 {Hoping for ...d3.} 59. Re7 Rxf6+ (59... d3 {looks sharper.} 60. Kg7 Kf5 61. f7 Rg6+ 62. Kh7 Rf6) 60. Kxf6 $11 {KR-KPP} d3 61. Rd7 Ke3 62. Re7+ Kf2 63. Rd7 Ke2 64. Re7+ Kf2 65. Rd7 Ke2 66. Re7+ {White really could win this. Accuracy: White = 63%, Black = 72%.} 1/2-1/2

[Event "CZE-ch U16 2020"]
[Site "Kouty nad Desnou"]
[Date "2020.03.12"]
[Round "7.12"]
[White "Rokos, Filip"]
[Black "Kolar, Jan"]
[Result "1-0"]
[WhiteElo "2127"]
[BlackElo "1760"]
[Annotator "TA"]
[PlyCount "91"]
[EventDate "2020.03.07"]
[EventCountry "CZE"]
[SourceTitle "playchess.com"]
[Source "ChessBase"]
[SourceQuality "1"]

{[%evp 20,91,5,-4,158,172,140,-81,339,349,325,304,379,366,380,410,384,400,408,394,389,392,375,384,384,347,344,372,318,149,132,95,160,161,172,174,174,106,128,118,206,191,211,205,240,225,216,187,420,469,518,517,934,887,856,789,761,605,1977,2000,2370,2416,2360,0,1536,0,2696,2761,2187,1356,29985,29986,29986,29987]} 1. e4 c5 2. Nf3 d6 3. d4 cxd4 4. Nxd4 Nf6 5. Nc3 a6 6. Bg5 e6 7. f4 Be7 8. Qf3 Nbd7 9. O-O-O Qc7 10. Bd3 {was the old line (10.g4).} b5 11. Rhe1 (11. Bxf6 $5 Nxf6 12. g4 $11) 11... b4 $2 {B99: Sicilian Najdorf: 6 Bg5 e6 7 f4 Be7 8 Qf3 Qc7 9 0-0-0 Nbd7.} (11... Bb7 $11) 12. Nd5 $1 $16 {[%cal Rd5c7]} exd5 {[#]} 13. exd5 $2 {[#]} (13. Nf5 $1 $16 {is necessary to keep the advantage.} Nc5 14. Nxe7) 13... Nb8 $2 {[%mdl 8192]} (13... Kf8 $1 $17 {keeps the pressure on. aiming for ...Nc5.} 14. Nf5 (14. Rxe7 $2 Kxe7 15. Nf5+ Kf8 $19) 14... Bd8) 14. Bxf6 $1 $18 gxf6 15. Re3 {[#]} Kd8 $146 ({Predecessor:} 15... Ra7 16. Rde1 Qb6 17. Qf2 Qc5 18. Bf5 Kd8 19. Nb3 Qxd5 20. Bxc8 Kxc8 21. Rxe7 Rxe7 22. Rxe7 {0-1 (34) De la Fuente Gonzalez,F (2199)-Candela Perez,J (2416) Collado Villalba 2000}) 16. Rde1 Re8 17. Qh5 {[%mdl 64] Double Attack} Ra7 {Now ...Qb6 and Black clings on.} 18. Qxf7 Qb6 19. Nf5 Bxf5 20. Bxf5 Qd4 21. Qxh7 ({Much less strong is} 21. Re4 Qc5 $18) 21... Qxd5 22. Bg6 Nc6 23. Bxe8 Kxe8 24. Qh8+ (24. h4 $18) 24... Kd7 $16 25. Qh3+ Kd8 ({Better is} 25... f5) 26. Kb1 Rd7 27. Rd3 $36 {[%mdl 2048] White has strong initiative.} Qc4 28. Qe3 (28. Qf3 $18) 28... Kc7 29. g4 Bd8 (29... Bf8 $16) 30. Qf2 Qg8 31. Qf3 Re7 32. Rxe7+ Bxe7 33. h4 f5 $2 (33... Bf8 34. a3 a5 35. axb4 axb4) 34. g5 $18 Qh8 35. h5 Bxg5 (35... Bf8 $142 36. a3 a5 37. axb4 axb4) 36. fxg5 {[%mdl 4096] Endgame KQR-KQN} Ne5 37. Qe2 Nxd3 38. cxd3 {KQ-KQ} Kd7 39. Qf3 Ke6 40. Qe3+ Kd5 41. Qf3+ Ke6 42. Qe3+ (42. h6 $142 a5 43. Qh5) 42... Kd5 $1 43. h6 Qh7 44. Qe8 Qa7 45. Qg8+ Kc6 46. Qc4+ {[%mdl 64] Double Attack. Accuracy: White = 78%, Black = 44%.} 1-0